| 000 | 01295nam a2200325 a 4500 | ||
|---|---|---|---|
| 001 | 000010807 | ||
| 003 | DO-SdBNP | ||
| 005 | 20250621074005.0 | ||
| 007 | ta | ||
| 008 | 091012s1996 dr r 001 0 spa d | ||
| 040 |
_aDO-SdBNP _bspa _cBNPHU |
||
| 082 | 4 |
_a972.93053 _bH631s _222 |
|
| 100 | 1 |
_aHicks, Albert C. _926108 |
|
| 245 | 1 | 0 |
_aSangre en las calles / _cAlbert C. Hicks ; edición Altagracia Pous ; traducción José Luis Sáez ; presentación Bernardo Vega ; introducción Quentin Reynolds. |
| 260 |
_aSanto Domingo : _bSociedad Dominicana de Bibliófilos, _c1996. |
||
| 300 |
_a219 p. ; _c23 cm. |
||
| 490 | 1 |
_aCultura dominicana _v83 |
|
| 500 | _aIncluye referencias bibliográficas, notas al pie de las páginas e índice onomástico. | ||
| 590 | _aInventariado, 2019/VM | ||
| 600 | 1 | 4 |
_aTrujillo Molina, Rafael Leónidas, _d1891-1961. _983063 |
| 650 | 4 |
_aPersecuciones políticas _96046 |
|
| 651 | 0 |
_aRepública Dominicana _xPolítica y gobierno _945 |
|
| 700 | 1 |
_aPous, Altagracia, _eeditor _926111 |
|
| 700 | 1 |
_a Sáez , José Luis _d1937- _etradución _9620 |
|
| 700 | 1 |
_aReynolds, Quentin, _eintroducción _926112 |
|
| 700 | 1 |
_aVega, Bernardo, _d1938 - _93222 |
|
| 830 | 0 |
_aCultura dominicana _n83 _926113 |
|
| 910 | _aValidado. Control de calidad. EMS | ||
| 942 |
_2ddc _cLBS1 |
||
| 999 |
_c10556 _d10556 |
||